Giáo trình kỹ thuật thực phẩm 3 : Quá trình sinh hoá trong chế biến thực phẩm

Cung cấp kiến thức cơ bản về các quá trình sinh học thực phẩm, môn hoch này được thiết kế bao gồm một số các lĩnh vực như kỹ thuật sử dụng enzyme trong chế biến thực phẩm, kỹ thuật sử dụng và kiểm soát tế bào trong quá trình chế bi...

Full description

Saved in:
Bibliographic Details
Main Author: Nguyễn, Công Hà
Format: Book
Language:Undetermined
Published: Cần Thơ Đại học Cần Thơ 2011
Subjects:
Tags: Add Tag
No Tags, Be the first to tag this record!
Institutions: Trung tâm Học liệu Trường Đại học Cần Thơ
LEADER 01199nam a2200217Ia 4500
001 CTU_172025
008 210402s9999 xx 000 0 und d
020 |c 19000 
082 |a 664 
082 |b H100 
100 |a Nguyễn, Công Hà 
245 0 |a Giáo trình kỹ thuật thực phẩm 3 : 
245 0 |b Quá trình sinh hoá trong chế biến thực phẩm 
245 0 |c Nguyễn Công Hà, Lê Nguyễn Đoan Duy (biên soạn) 
260 |a Cần Thơ 
260 |b Đại học Cần Thơ 
260 |c 2011 
520 |a Cung cấp kiến thức cơ bản về các quá trình sinh học thực phẩm, môn hoch này được thiết kế bao gồm một số các lĩnh vực như kỹ thuật sử dụng enzyme trong chế biến thực phẩm, kỹ thuật sử dụng và kiểm soát tế bào trong quá trình chế biến thực phẩm liên quan, kỹ thuật thu hồi và tinh sạch vi sinh. 
650 |a Food industry and trade,Công nghệ thực phẩm 
904 |i Nhung, Qhieu sua 
980 |a Trung tâm Học liệu Trường Đại học Cần Thơ